Statistiques concernant Films de Louis de Funès (1964-1982)

Cliquez ici pour prendre le quiz!

Statistiques générales

  • Ce quiz a été pris 167 fois
  • Le résultat moyen est 17 sur 30

Statistiques - réponses

HintRéponse% Correct
1966La Grande Vadrouille
92%
1976L'Aile ou la Cuisse
92%
1965Le Corniaud
83%
1981La Soupe aux Choux
82%
1964Fantômas
80%
1964Le Gendarme de Saint-Tropez
77%
1969Hibernatus
73%
1971La Folie des Grandeurs
70%
1980L'Avare
70%
1966Le Grand Restaurant
70%
1982Le Gendarme et les Gendarmettes
68%
1968Le Gendarme se marie
68%
1968Le Petit Baigneur
67%
1967Oscar
66%
1965Le Gendarme à New York
63%
1979Le Gendarme et les Extraterrestres
63%
1973Les Aventures de Rabbi Jacob
61%
1978La Zizanie
57%
1967Les Grandes Vacances
52%
1970Le Gendarme en balade
50%
1965Fantômas se déchaîne
48%
1971Jo
48%
1968Le Tatoué
47%
1967Fantômas contre Scotland Yard
42%
1971Sur un arbre perché
38%
1970L'Homme Orchestre
34%
1964Faites sauter la banque
22%
1964Des pissenlits par la racine
5%
1964Une souris chez les hommes
5%
1965Les Bons Vivants
4%

Distribution des résultats

Percentile par nombre de réponses

% des personnes avec chaque résultat

Votre développement - résultats

Vous n’avez pas pris ce quiz